| 000 | 00678nam a2200229Ia 4500 | ||
|---|---|---|---|
| 003 | GCL | ||
| 008 | 140319s9999 xx 000 0 ara d | ||
| 040 |
_aGCL / _cGCL |
||
| 082 | 0 | 4 |
_a940 _bد ت |
| 100 | 1 | _aكلود,دلماس | |
| 245 | 1 | 0 |
_aتاريخ الحضارة الاوربية / _cكلود,دلماس |
| 700 | 1 | _aتوفيق وهبه | |
| 260 |
_a[S.N] : _bمنشورات عويدان ، _c1982 |
||
| 300 | _a107 ص | ||
| 490 |
_aزدنى علما _v0 |
||
| 650 | 0 | 4 | _aتاريخ |
| 650 | 0 | 4 | _aالحضارة الاوربية |
| 650 | 0 | 4 | _aالاصلاح الدينى |
| 650 | 0 | 4 | _aاوربا |
| 650 | 0 | 4 | _aعصر النهضة (1300 - 1494) |
| 942 |
_2ddc _cBK |
||
| 999 |
_c36393 _d36393 |
||